000 00354nam a2200145Ia 4500
005 20250408015514.0
008 240331s9999 xx 000 0 und d
082 _bMUT
_a100
100 _aMuthiah, N
245 0 _aEelathu siththarkal
260 _aChennai
_bKumaran Pathippagam
_c1994
300 _a192 p .,
650 _aMystics of Sri Lanka
942 _cL
999 _c3576
_d3576